000 01037cam a2200301 4500
008 090401t1992 xxu||||| |||| 00| 0 eng d
020 _a0117524905
035 _a(Sirsi) u52720
041 _aeng
050 _a333.73
100 _aJohnson, David
245 4 _aThe strategic approach to derelict land reclamation.
260 _aLondon
_bHMSO
_c1992
300 _ax,28p. ; 30cm.
350 _a8
520 _aFinal report of a study, commissioned by the DoE from the Public Sector Management Research Centre, Aston University Business School, which investigated the ways in which local authorities determined their derelict land reclamation priorities.
650 _aDERELICT LAND
650 _aLAND RECLAMATION
650 _aLOCAL AUTHORITIES
690 _aLAND
700 _aMartin, Steve
700 _aPearce, Graham
700 _aSimmons, Steve
710 _aUnited Kingdom
_bDepartment of the Environment
_9982
710 _aPublic Sector Management Research Centre
_9480
942 _n0
948 _c04/03/1997
999 _c93150
_d93150